000 00936nam a2200289 4500
001 0000016096
003 CO-CtgCURN
005 20250429224008.0
007 ta
008 160627s1988 000 0 eng d
020 _a9682423023
040 _aCO-CtgCURN
_bspa
_ccoctgcurn
082 0 _a371.912
_bM61l
100 1 _aMobarak Abraham, Monica.
245 1 0 _aLecto escritura en caracteres graficos para estudiantes ciegos /
_cMonica Mubarak Abraham.
260 _aMexico :
_bTrillas,
_c1988.
300 _a74 p.
336 _2rdacontent
337 _2rdamedia
_asin mediacion
_bn
338 _2rdacarrier
_avolumen
_bnc
500 _aIncluye indice.
505 8 _aLecto escritura para ciegos.--Sistema Brailee.--Sistema Moon.--Valentin Hauy
650 1 4 _aCiegos
_vSistema de escritura.
908 _a160627
942 _cBK
_h371.912
_iM61l
_2ddc
999 _c34691
_d34691